000 00317nam a2200133Ia 4500
005 20251222155142.0
008 251222s9999||||xx |||||||||||||| ||spa||
082 _aINV. 16
100 _aDE GUEVARA L.
245 0 _aMetodología de Investigación Científica
250 _a4ta. ed.
264 _bUsta
942 _cLIB
999 _c39222
_d39222